000 00453cam a2200157ua 4500
041 _aeng
_h
082 _a028.726313
_bSAX/MA
100 _aSaxena, A C .
245 _aManual on manufacturing technology of agricultural machinery Feb 10-22,1997 /
_cA C Saxena.
_hTextual Documents
260 _a :
_bTechnology transfer division ,
_c1997.
300 _a423 ; .
504 _a
700 1 _aSaraswat, D Das .
942 _cBK
999 _c10298
_d10298